Music Quiz

Random Music or Kpop Quiz
Score 0/6 Timer 03:00
0 Plays Today
% Correct
KNOCK
95.6%
Rain
89.7%
Sun.Moon.Star
83.8%
Lonely Night
83.8%
Back Again
82.4%
Sunset
79.4%

You're not logged in!

Compare scores with friends on all Sporcle quizzes.
OR
Log In

Sporcle TV

Today on Sporcle TV


Watch our educational content, quiz creation guides, and fun videos on Sporcle TV.

Show Comments

Extras

Top Quizzes Today


Score Distribution

Paid Content

Your Account Isn't Verified!

In order to create a playlist on Sporcle, you need to verify the email address you used during registration. Go to your Sporcle Settings to finish the process.

Report this User

Report this user for behavior that violates our Community Guidelines.

Details: